| 000 | 01487nam a2200433 c 4500 | ||
|---|---|---|---|
| 001 | 10360 | ||
| 003 | ES-MaCES | ||
| 005 | 20150929135423.0 | ||
| 008 | 000314s1999 sp bo t 100 | spa d | ||
| 017 |
_aB 49617-1999 _bDL |
||
| 020 | _a8495027674 | ||
| 035 | _aCES20000003733m | ||
| 040 |
_aES-MaCES _bspa _cES-MaCES |
||
| 111 | 2 |
_aJornada al Análisis de las Infraestructuras Ferroviarias del Tercer Milenio _d1999 _9573 |
|
| 245 | 1 | 4 |
_aLas infraestructuras ferroviarias del III milenio _c[Jornada, celebrada el 12 de marzo de 1999] ; Mª Jesús Montoro Chiner (coord.) |
| 250 | _a1ª ed | ||
| 260 |
_aBarcelona _bCedecs _c1999 |
||
| 300 |
_a323 p. _bmap., fot. bl. y n. _c23 cm |
||
| 490 | 1 | _aCedecs derecho administrativo | |
| 541 | _cCompra | ||
| 650 | 4 |
_ared ferroviaria _928030 |
|
| 650 | 4 |
_ainfraestructura _928025 |
|
| 650 | 4 |
_atransporte ferroviario _928053 |
|
| 650 | 4 |
_atren de alta velocidad _931119 |
|
| 650 | 4 |
_afinanciación _928125 |
|
| 650 | 4 |
_asuelo _928798 |
|
| 650 | 4 |
_aEspaña _926964 |
|
| 650 | 4 |
_aderecho comunitario _929866 |
|
| 650 | 4 |
_aderecho público _927169 |
|
| 650 | 4 |
_aderecho administrativo _927155 |
|
| 653 | 1 | 0 | _aPolíticas sectoriales |
| 650 | 4 |
_930344 _aevaluación del impacto ambiental |
|
| 650 | 4 |
_926752 _aUE |
|
| 700 | 1 |
_aMontoro Chiner, María Jesús _ecol. _918934 |
|
| 830 | 0 |
_aCedecs derecho administrativo _933053 |
|
| 902 | _aLIB Libro | ||
| 942 |
_2CES _cBK _h5.2. |
||
| 999 |
_c10360 _d10360 |
||